Operations management. Processes and supply chains
Guardat en:
| Autors principals: | , |
|---|---|
| Format: | Desconegut |
| Publicat: |
Essex, United Kingdom:
Pearson,
2022.
|
| Edició: | Thirteen edition. |
| Matèries: | |
| Etiquetes: |
Afegir etiqueta
Sense etiquetes, Sigues el primer a etiquetar aquest registre!
|
MARC
| LEADER | 00000 a2200000 4500 | ||
|---|---|---|---|
| 003 | CL-VaPUC | ||
| 005 | 20230427085158.0 | ||
| 008 | 230418t2022 ||||| |||| 00| 0 eng d | ||
| 999 | |c 439964 |d 439962 | ||
| 020 | |a 9781292409863 | ||
| 040 | |c Pontificia Universidad Católica de Valparaíso | ||
| 082 | 7 | |a 658.4 KRA 2022 |2 22 | |
| 100 | |a Krajewski, Lee J |9 578338 |e author | ||
| 245 | |a Operations management. |b Processes and supply chains | ||
| 250 | |a Thirteen edition. | ||
| 260 | |a Essex, United Kingdom: |b Pearson, |c 2022. | ||
| 300 | |a 688 páginas. | ||
| 583 | |k GC |c 20230418 | ||
| 650 | 0 | |a Gestión de la producción |9 259467 | |
| 700 | |a Malhotra, Manoj K |9 532253 |e author | ||
| 942 | |2 ddc |c BK | ||
| 952 | |0 0 |1 0 |2 ddc |4 0 |6 658_400000000000000_KRA_2022 |7 0 |8 R |9 589700 |a BIBENE |b BIBENE |c RES |d 2023-04-18 |e 3 |g 83689.90 |i 5657197 |l 2 |o 658.4 KRA 2022 |p 5657197 |r 2025-01-15 |s 2024-11-27 |t 1 |v 83689.90 |w 2023-04-18 |y BK_R |k ICO | ||